Zdanenie príjmov zo závislej činnosti a funkčných pôžitkov

Príjmy zo závislej činnosti a funkčné pôžitky. Príjmy oslobodené od dane z príjmov zo závislej činnosti a funkčných pôžitkov. Príjmy, ktoré nie sú predmetom dane z príjmov zo závislej činnosti a funkčných pôžitkov.

Enregistré dans:
Détails bibliographiques
Format: Chapitre de livre
Langue:slovaque
Sujets:
Tags: Ajouter un tag
Pas de tags, Soyez le premier à ajouter un tag!

MARC

LEADER 00000naa a2200000 4500
001 r049231
005 20230927071922.1
041 0 |a slo 
044 |a SK 
245 1 0 |a Zdanenie príjmov zo závislej činnosti a funkčných pôžitkov 
520 |a Príjmy zo závislej činnosti a funkčné pôžitky. Príjmy oslobodené od dane z príjmov zo závislej činnosti a funkčných pôžitkov. Príjmy, ktoré nie sú predmetom dane z príjmov zo závislej činnosti a funkčných pôžitkov. 
610 2 0 |a príjmy 
610 2 0 |a zdaňovanie 
610 2 0 |a dane z príjmov